| 000 | 01277nam a2200241Ia 4500 | ||
|---|---|---|---|
| 999 |
_c39078 _d39078 |
||
| 001 | 5642 | ||
| 003 | GE_BSU | ||
| 005 | 20191024113304.0 | ||
| 008 | 181216s2012||||ge |||||||||||||| ||geo|| | ||
| 040 | _cGE_BSU | ||
| 041 | _ageo | ||
| 080 | _a008(479.22) ფ-38 | ||
| 100 |
_aფეიქრიშვილი, ჟუჟუნა _94824 |
||
| 245 |
_aმასალები საზღვარგარეთული ქართველოლოგიის ისტორიისათვის=Materials for the history of international kartvelian studies : _bწ. 1 / _cჟუჟუნა ფეიქრიშვილი, ივეტა ვაშაკიძე; რედ. რუსუდან ზექალაშვილი. |
||
| 264 |
_aთბილისი : _bუნივერსალი, _c2012. |
||
| 300 |
_a243 გვ.; _b20 სმ. |
||
| 504 | _a ბიბლიოგრ.: გვ. 326-340. | ||
| 520 | _aპარალ. თავფურ. და რეზ. ინგლ. | ||
| 653 | _a ქართველოლოგია | ||
| 700 |
_aვაშაკიძე, ივეტა _eავტორი _94983 |
||
| 700 |
_aზექალაშვილი, რუსუდან _eრედაქტორი _94984 |
||
| 942 |
_cBK _2udc |
||